| 000 | 00894nam a2200289 a 4500 | ||
|---|---|---|---|
| 999 |
_c2877 _d2877 |
||
| 006 | a||||gr|||| 001 0 | ||
| 007 | ta | ||
| 008 | 191211r20212024ii a|||g |||| 001 0 eng d | ||
| 020 |
_a9789354243431 _cRs. 939.00 |
||
| 040 |
_aKO _beng |
||
| 041 | 0 | _aeng | |
| 044 | _aii | ||
| 082 | 0 | 4 |
_a658.70285 _bV691 _223 |
| 100 | 1 | _aVijayaraghavan, T. A. S. | |
| 245 | 1 | 0 |
_aSupply Chain Analytics / _cT. A. S. Vijayaraghavan |
| 260 |
_aNew Delhi : _bWiley India Pvt. Ltd., _c2021, reprinted 2024. |
||
| 300 |
_axxvii, 522 p : _bcol. ill. ; _c28 cm. |
||
| 500 | _aIncludes index. | ||
| 650 | 0 |
_aBusiness logistics _xMathematical models _vTextbooks |
|
| 650 | 0 |
_aBusiness logistics _xData processing _vTextbooks |
|
| 650 | 0 |
_aDecision making _xMathematical models _vTextbooks |
|
| 650 | 0 |
_aBusiness _xComputer programs _vTextbooks |
|
| 904 | _aRUDRA_R | ||
| 905 | _aR_RANJAN | ||
| 942 | _cBK | ||